[Event "Nancy Rapid 19th"]
[Site "Nancy"]
[Date "2021.10.24"]
[Round "5"]
[White "Devecchi, Jorge"]
[Black "Klek, Hanna Marie"]
[Result "1/2-1/2"]
[WhiteElo "1938"]
[BlackElo "2343"]
[PlyCount "61"]
[EventDate "2021.10.24"]
[EventType "swiss (rapid)"]
[EventRounds "9"]
[EventCountry "FRA"]
[SourceTitle "CBM 204 Extra"]
[Source "ChessBase"]
[SourceDate "2021.11.30"]
[SourceVersion "1"]
[SourceVersionDate "2021.11.30"]
[SourceQuality "1"]

1. e4 e5 2. Nf3 Nc6 3. Bc4 Nf6 4. Ng5 d5 5. exd5 Na5 6. Bb5+ c6 7. dxc6 bxc6 8. Qf3 Be7 9. Bxc6+ Nxc6 10. Qxc6+ Bd7 11. Qc4 0-0 12. Nc3 Rb8 13. Qe2 Ng4 14. Nf3 Bc5 15. 0-0 Re8 16. d3 f5 17. h3 Nf6 18. Bg5 Rxb2 19. Rab1 Qb8 20. Bxf6 gxf6 21. Rxb2 Qxb2 22. Nd5 Kg7 23. Nh4 Qxa2 24. Ne3 f4 25. Nef5+ Kh8 26. Qh5 Rg8 27. Nh6 Rg7 28. N4f5 Rg6 29. Nh4 Rg7 30. N4f5 Rg6 31. Nh4 1/2-1/2

[Event "Nancy Rapid 19th"]
[Site "Nancy"]
[Date "2021.10.24"]
[Round "9"]
[White "Kopylov, Daniel"]
[Black "Devecchi, Jorge"]
[Result "1-0"]
[WhiteElo "2299"]
[BlackElo "1938"]
[PlyCount "95"]
[EventDate "2021.10.24"]
[EventType "swiss (rapid)"]
[EventRounds "9"]
[EventCountry "FRA"]
[SourceTitle "CBM 204 Extra"]
[Source "ChessBase"]
[SourceDate "2021.11.30"]
[SourceVersion "1"]
[SourceVersionDate "2021.11.30"]
[SourceQuality "1"]

1. e4 c5 2. Nf3 d6 3. d4 cxd4 4. Nxd4 Nf6 5. Nc3 a6 6. Be3 e5 7. Nf3 b5 8. a4 b4 9. Nd5 Nbd7 10. Bg5 Bb7 11. Bc4 h6 12. Bxf6 Nxf6 13. Nxf6+ Qxf6 14. Bd5 Qe7 15. 0-0 Rb8 16. a5 Qc7 17. Qd3 Be7 18. Nd2 0-0 19. Nc4 Rfc8 20. b3 Bxd5 21. Qxd5 Qc5 22. Rfd1 Qxd5 23. Rxd5 Rc6 24. Kf1 Rbc8 25. Ke2 Rxc4 26. bxc4 Rxc4 27. Kd3 Rc3+ 28. Kd2 Bg5+ 29. Kd1 Be7 30. Rb1 Rc4 31. f3 Kf8 32. Rd3 Ke8 33. Rdb3 Rd4+ 34. Ke2 d5 35. Rd3 Rxd3 36. Kxd3 d4 37. Kc4 Kd7 38. Kd5 f6 39. g3 g5 40. h4 Bd6 41. hxg5 hxg5 42. Rh1 Bc7 43. Rh7+ Kc8 44. Kc6 Bd8 45. Ra7 Kb8 46. Rb7+ Ka8 47. Rxb4 Bxa5 48. Ra4 1-0

[Event "Naujac op 15th"]
[Site "Naujac"]
[Date "2012.06.28"]
[Round "6"]
[White "Thalwitzer, David"]
[Black "Devecchi, Jorge"]
[Result "1/2-1/2"]
[WhiteElo "2174"]
[BlackElo "1942"]
[PlyCount "54"]
[EventDate "2012.06.24"]
[EventType "swiss"]
[EventRounds "9"]
[EventCountry "FRA"]
[SourceTitle "CBM 149 Extra"]
[Source "ChessBase"]
[SourceDate "2012.08.24"]
[SourceVersion "1"]
[SourceVersionDate "2012.08.24"]
[SourceQuality "1"]

1. e4 c5 2. c3 g6 3. d4 cxd4 4. cxd4 d5 5. exd5 Nf6 6. Nc3 Nxd5 7. Nge2 Bg7 8. Nxd5 Qxd5 9. Be3 0-0 10. Nc3 Qd6 11. Be2 Nc6 12. 0-0 Nxd4 13. Bxd4 Qxd4 14. Qb3 Be6 15. Qa3 Qd6 16. Qxd6 exd6 17. Nb5 Bxb2 18. Rad1 d5 19. Nc7 Rad8 20. Nxe6 fxe6 21. Rb1 Ba3 22. Rxb7 Rf7 23. Rfb1 Rdd7 24. Rb8+ Kg7 25. f3 Bc5+ 26. Kf1 Bd6 27. Re8 Rfe7 1/2-1/2

[Event "Cappelle op 28th"]
[Site "Cappelle la Grande"]
[Date "2012.03.03"]
[Round "1"]
[White "Devecchi, Jorge"]
[Black "Przymusinski, Nicolas"]
[Result "0-1"]
[WhiteElo "1947"]
[BlackElo "2147"]
[PlyCount "58"]
[EventDate "2012.03.03"]
[EventType "swiss"]
[EventRounds "9"]
[EventCountry "FRA"]
[SourceTitle "CBM 147 Extra"]
[Source "ChessBase"]
[SourceDate "2012.04.24"]
[SourceVersion "1"]
[SourceVersionDate "2012.04.24"]
[SourceQuality "1"]

1. e4 c5 2. Nf3 d6 3. d4 cxd4 4. c3 dxc3 5. Nxc3 a6 6. Bc4 e6 7. 0-0 b5 8. Bb3 Bb7 9. Qe2 Nd7 10. Rd1 Ngf6 11. Bf4 Qb8 12. Ng5 h6 13. Nxe6 fxe6 14. Bxe6 Be7 15. Bg3 Kf8 16. f4 b4 17. Nb1 Bxe4 18. Bxd7 Qa7+ 19. Kh1 Qxd7 20. Nd2 Bf5 21. Qc4 d5 22. Qd4 Rc8 23. Nf3 Bd6 24. Ne5 Bxe5 25. fxe5 Rc4 26. Qb6 Ne4 27. Qxa6 Nxg3+ 28. hxg3 Be4 29. Qxc4 Qh3+ 0-1

[Event "Ouest Toulousain op-A 6th"]
[Site "Fontenilles"]
[Date "2011.03.07"]
[Round "1"]
[White "Devecchi, Jorge"]
[Black "Jianu, Vlad Cristian"]
[Result "0-1"]
[WhiteElo "1956"]
[BlackElo "2545"]
[PlyCount "82"]
[EventDate "2011.03.07"]
[EventType "swiss"]
[EventRounds "9"]
[EventCountry "FRA"]
[SourceTitle "CBM 141 Extra"]
[Source "ChessBase"]
[SourceDate "2011.05.03"]
[SourceVersion "1"]
[SourceVersionDate "2011.05.03"]
[SourceQuality "1"]

1. e4 c5 2. Nf3 d6 3. c3 Nf6 4. Be2 g6 5. 0-0 Bg7 6. Re1 0-0 7. Bf1 Nc6 8. h3 e5 9. d4 exd4 10. cxd4 cxd4 11. Nxd4 Re8 12. Nxc6 bxc6 13. Nc3 Be6 14. Bg5 h6 15. Bf4 d5 16. exd5 Nxd5 17. Nxd5 Bxd5 18. Rxe8+ Qxe8 19. Qd2 g5 20. Bc7 Qe6 21. a3 Re8 22. Ba5 g4 23. Re1 Qxe1 24. Qxe1 Rxe1 25. Bxe1 gxh3 26. gxh3 Bxb2 27. Bb4 Bd4 28. Bd3 Bb3 29. Bd2 Kg7 30. Be3 Bxe3 31. fxe3 Kf6 32. Kf2 c5 33. Ke2 Kg5 34. Kd2 Be6 35. Bf1 Kh4 36. Kc3 h5 37. a4 Bxh3 38. Bc4 Be6 39. Bxe6 fxe6 40. Kc4 Kg4 41. Kxc5 h4 0-1

[Event "Toulouse Cup"]
[Site "Toulouse"]
[Date "2009.04.26"]
[Round "4"]
[White "Ramahef, Eric"]
[Black "Devecchi, Jorge"]
[Result "1/2-1/2"]
[WhiteElo "2110"]
[BlackElo "1954"]
[PlyCount "58"]
[EventDate "2009.01.11"]
[EventType "team-tourn"]
[EventRounds "7"]
[EventCountry "FRA"]
[SourceTitle "EXT 2010"]
[Source "ChessBase"]
[SourceDate "2010.11.25"]
[SourceVersion "1"]
[SourceVersionDate "2010.11.25"]
[SourceQuality "1"]

1. e4 e6 2. d4 d5 3. Nc3 dxe4 4. Nxe4 Nd7 5. Nf3 Ngf6 6. Bd3 Nxe4 7. Bxe4 Nf6 8. Bd3 c5 9. dxc5 Bxc5 10. 0-0 Qc7 11. Qe2 Bd7 12. c3 Bc6 13. Bb5 0-0 14. Bxc6 bxc6 15. Qc4 Bd6 16. h3 c5 17. Ng5 Qc6 18. Be3 Nd5 19. Qe4 g6 20. c4 Ne7 21. Qh4 h5 22. Ne4 Nf5 23. Nf6+ Kg7 24. Qg5 Rh8 25. Bd2 Be5 26. Bc3 Bxc3 27. bxc3 Qc7 28. Ne4 Qe7 29. Qc1 Rad8 1/2-1/2

[Event "FRA-chT4 0809"]
[Site "France "]
[Date "2009.02.08"]
[Round "5"]
[White "Devecchi, Jorge"]
[Black "Courette, Christian"]
[Result "0-1"]
[WhiteElo "1932"]
[BlackElo "1790"]
[PlyCount "133"]
[EventDate "2008.10.??"]
[EventType "team-tourn"]
[EventRounds "9"]
[EventCountry "FRA"]
[SourceTitle "EXT 2010"]
[Source "ChessBase"]
[SourceDate "2010.11.25"]
[SourceVersion "1"]
[SourceVersionDate "2010.11.25"]
[SourceQuality "1"]

1. e4 c5 2. Nf3 d6 3. c3 Nf6 4. Be2 Nc6 5. d4 g6 6. d5 Nb8 7. Bf4 Bg7 8. Nbd2 0-0 9. h3 a6 10. a4 b6 11. Nh2 e5 12. dxe6 Bxe6 13. 0-0 d5 14. Bf3 Ra7 15. Bg5 h6 16. Bh4 Qd7 17. exd5 Nxd5 18. Nc4 Nxc3 19. Qxd7 Nxd7 20. Nxb6 Nxb6 21. bxc3 Bxc3 22. Rac1 Bd4 23. Bd1 Rc8 24. Ng4 Kg7 25. Ne3 Nd5 26. Nxd5 Bxd5 27. Re1 Rb8 28. Bg3 Rbb7 29. Be2 Rb2 30. Bd3 f6 31. Re8 Rb3 32. Bb8 Rab7 33. Bc2 Rc3 34. Bd6 Bc6 35. Ree1 Rb2 36. Re7+ Kg8 37. Rc7 Bxf2+ 38. Kxf2 Rcxc2+ 39. Rxc2 Rxc2+ 40. Kg1 Bxa4 41. Rxc5 Rxc5 42. Bxc5 f5 43. Kf2 Kf7 44. Ke3 g5 45. Kd4 f4 46. Ke5 Bc6 47. h4 Kg6 48. g3 fxg3 49. hxg5 Kxg5 50. Be3+ Kg6 51. Kf4 g2 52. Kg3 a5 53. Kh2 a4 54. Bc5 Kf5 55. Kg1 Kg4 56. Kf2 h5 57. Ba3 Kf4 58. Bd6+ Kf5 59. Kg1 Ke6 60. Ba3 Be4 61. Kf2 Kd5 62. Kg1 Kc4 63. Kf2 Kb3 64. Bc5 a3 65. Bd4 a2 66. Be5 Kc2 67. Ke2 0-1

[Event "Ouest Toulousain op-A 3rd"]
[Site "Tournefeuille"]
[Date "2008.02.26"]
[Round "2"]
[White "Devecchi, Jorge"]
[Black "Sanchez Rojo, Gustavo"]
[Result "1-0"]
[WhiteElo "1941"]
[BlackElo "2245"]
[PlyCount "61"]
[EventDate "2008.02.25"]
[EventType "swiss"]
[EventRounds "9"]
[EventCountry "FRA"]
[SourceTitle "CBM 123 Extra"]
[Source "ChessBase"]
[SourceDate "2008.05.06"]
[SourceVersion "1"]
[SourceVersionDate "2008.05.06"]
[SourceQuality "1"]

1. e4 c5 2. Nf3 Nc6 3. d4 cxd4 4. Nxd4 e5 5. Nb3 Nf6 6. Nc3 Bb4 7. Bd3 d5 8. exd5 Nxd5 9. Bd2 Nxc3 10. bxc3 Bd6 11. 0-0 0-0 12. Qh5 f5 13. Bc4+ Kh8 14. Rad1 Qc7 15. Nc1 b6 16. Bb3 Bb7 17. Ne2 f4 18. f3 Rae8 19. c4 g6 20. Qh4 Bc5+ 21. Kh1 Qg7 22. Bc3 g5 23. Qe1 g4 24. Ba4 gxf3 25. Rxf3 Nd4 26. Bxe8 Nxf3 27. Qf1 Nxh2 28. Rd7 Qg5 29. Bxe5+ Qxe5 30. Rxb7 Qxe8 31. Qa1+ 1-0

[Event "FRA-ch Accession"]
[Site "Besancon"]
[Date "2006.08.25"]
[Round "10"]
[White "Perradin, Vincent"]
[Black "Devecchi, Jorge"]
[Result "0-1"]
[WhiteElo "1690"]
[BlackElo "1670"]
[PlyCount "42"]
[EventDate "2006.08.15"]
[EventType "swiss"]
[EventRounds "10"]
[EventCountry "FRA"]
[SourceTitle "CBM 113 Extra"]
[Source "ChessBase"]
[SourceDate "2006.09.14"]
[SourceVersion "1"]
[SourceVersionDate "2006.09.14"]
[SourceQuality "1"]

1. e4 e5 2. Nf3 Nc6 3. Bb5 f5 4. Nc3 Nf6 5. exf5 e4 6. Ng5 d5 7. d3 Bxf5 8. dxe4 dxe4 9. Bxc6+ bxc6 10. Qe2 Bb4 11. Qc4 Bxc3+ 12. Qxc3 Qd7 13. Qe5+ Kf8 14. Qc5+ Kg8 15. f3 h6 16. Nxe4 Bxe4 17. fxe4 Nxe4 18. Qb4 Rf8 19. Be3 Qg4 20. Rf1 Rxf1+ 21. Kxf1 Ng3+ 0-1